Volali ho "Indián" ... veľké postavy veľkých cien - Nelson Piquet

Bibliographic Details
Format: Article
Language:Slovak
PhysicalDescription:Fotogr.
ISSN:0139-7001
Subjects:

MARC

LEADER 00000nab a2200000 a 4500
001 vtls000807020
003 SK-MaSNL
005 20260302150123.0
008 160322c2002 xo 0 slo
015 |a SNBRB2002/10-30340 
035 |a CLN000158675 
040 |a SNKBUCL  |b slo  |c SNKBUCL  |e AACR2 
041 0 |a slo 
044 |a xo  |c SK 
080 |a 796.71.071  |2 UDC-MRF-SK2 
080 |a 929 Piquet, Nelson  |2 UDC-MRF-SK2 
245 0 0 |a Volali ho "Indián" ...  |b veľké postavy veľkých cien - Nelson Piquet 
300 |b Fotogr. 
600 1 7 |a Piquet, Nelson,  |d 1952-  |2 snkbucl  |9 257550 
655 7 |a články z novín a časopisov  |2 snkbucl  |9 267496 
773 0 |x 0139-7001  |t Šport  |g Roč. 56, č. 218 (19.9.2002) 
773 0 |x 0139-7001  |t [Príl.] Šport extra  |g S. 24-25 
850 |a Slovenská národná knižnica v Martine 
852 |a SNK  |b KIS3GCP 
958 |a BX 
958 |a RBX 
999 |c 1356521  |d 1358451